<?xml version="1.0" encoding="UTF-8"?>
<record
    xmlns:xsi="http://www.w3.org/2001/XMLSchema-instance"
    xsi:schemaLocation="http://www.loc.gov/MARC21/slim http://www.loc.gov/standards/marcxml/schema/MARC21slim.xsd"
    xmlns="http://www.loc.gov/MARC21/slim">

  <leader>00467    a2200157   4500</leader>
  <controlfield tag="005">20250617080929.0</controlfield>
  <datafield tag="020" ind1=" " ind2=" ">
    <subfield code="a">978-0-07-287132-6</subfield>
  </datafield>
  <datafield tag="082" ind1=" " ind2=" ">
    <subfield code="a">808.042 LAN</subfield>
  </datafield>
  <datafield tag="100" ind1=" " ind2=" ">
    <subfield code="a">LANGAN, J. </subfield>
  </datafield>
  <datafield tag="245" ind1=" " ind2=" ">
    <subfield code="a">College Writing Skills with Readings. </subfield>
  </datafield>
  <datafield tag="250" ind1=" " ind2=" ">
    <subfield code="a">6th Ed. </subfield>
  </datafield>
  <datafield tag="260" ind1=" " ind2=" ">
    <subfield code="a">Boston,</subfield>
    <subfield code="b">McGraw-Hill,</subfield>
    <subfield code="c">2005.</subfield>
  </datafield>
  <datafield tag="300" ind1=" " ind2=" ">
    <subfield code="a">xxii, 734p.: ill.; table, picture</subfield>
    <subfield code="b">Index</subfield>
    <subfield code="c">24cm. </subfield>
  </datafield>
  <datafield tag="856" ind1=" " ind2=" ">
    <subfield code="y">Access Online Book</subfield>
    <subfield code="f">College Writing Skills</subfield>
    <subfield code="d">www.mhhe.com/langan</subfield>
  </datafield>
  <datafield tag="942" ind1=" " ind2=" ">
    <subfield code="2">ddc</subfield>
    <subfield code="c">BKS</subfield>
  </datafield>
  <datafield tag="999" ind1=" " ind2=" ">
    <subfield code="c">1004</subfield>
    <subfield code="d">1004</subfield>
  </datafield>
  <datafield tag="952" ind1=" " ind2=" ">
    <subfield code="r">2025-03-19 14:23:54</subfield>
    <subfield code="l">0</subfield>
    <subfield code="o">808.042 LAN</subfield>
    <subfield code="p">0000003617</subfield>
    <subfield code="v">90000.00</subfield>
    <subfield code="w">2025-03-19</subfield>
    <subfield code="y">BKS</subfield>
    <subfield code="1">0</subfield>
    <subfield code="2">ddc</subfield>
    <subfield code="4">0</subfield>
    <subfield code="7">0</subfield>
    <subfield code="0">0</subfield>
    <subfield code="a">CBEML</subfield>
    <subfield code="b">CBEML</subfield>
    <subfield code="c">GEN</subfield>
    <subfield code="d">2009-08-10</subfield>
    <subfield code="g">30000.00</subfield>
  </datafield>
  <datafield tag="952" ind1=" " ind2=" ">
    <subfield code="r">2025-03-19 14:23:54</subfield>
    <subfield code="l">0</subfield>
    <subfield code="o">808.042 LAN</subfield>
    <subfield code="p">0000003618</subfield>
    <subfield code="v">90000.00</subfield>
    <subfield code="w">2025-03-19</subfield>
    <subfield code="y">BKS</subfield>
    <subfield code="1">0</subfield>
    <subfield code="2">ddc</subfield>
    <subfield code="4">0</subfield>
    <subfield code="7">0</subfield>
    <subfield code="0">0</subfield>
    <subfield code="a">CBEML</subfield>
    <subfield code="b">CBEML</subfield>
    <subfield code="c">GEN</subfield>
    <subfield code="d">2009-08-10</subfield>
    <subfield code="g">30000.00</subfield>
  </datafield>
  <datafield tag="952" ind1=" " ind2=" ">
    <subfield code="r">2025-03-19 14:23:54</subfield>
    <subfield code="l">0</subfield>
    <subfield code="o">808.042 LAN</subfield>
    <subfield code="p">0000003619</subfield>
    <subfield code="v">90000.00</subfield>
    <subfield code="w">2025-03-19</subfield>
    <subfield code="y">BKS</subfield>
    <subfield code="1">0</subfield>
    <subfield code="2">ddc</subfield>
    <subfield code="4">0</subfield>
    <subfield code="7">0</subfield>
    <subfield code="0">0</subfield>
    <subfield code="a">CBEML</subfield>
    <subfield code="b">CBEML</subfield>
    <subfield code="c">GEN</subfield>
    <subfield code="d">2009-08-10</subfield>
    <subfield code="g">30000.00</subfield>
  </datafield>
  <datafield tag="952" ind1=" " ind2=" ">
    <subfield code="r">2025-03-19 14:23:54</subfield>
    <subfield code="l">0</subfield>
    <subfield code="o">808.042 LAN</subfield>
    <subfield code="p">0000003620</subfield>
    <subfield code="v">90000.00</subfield>
    <subfield code="w">2025-03-19</subfield>
    <subfield code="y">BKS</subfield>
    <subfield code="1">0</subfield>
    <subfield code="2">ddc</subfield>
    <subfield code="4">0</subfield>
    <subfield code="7">0</subfield>
    <subfield code="0">0</subfield>
    <subfield code="a">CBEML</subfield>
    <subfield code="b">CBEML</subfield>
    <subfield code="c">GEN</subfield>
    <subfield code="d">2009-08-10</subfield>
    <subfield code="g">30000.00</subfield>
  </datafield>
  <datafield tag="952" ind1=" " ind2=" ">
    <subfield code="r">2025-06-17 08:11:46</subfield>
    <subfield code="l">0</subfield>
    <subfield code="o">808.042 LAN</subfield>
    <subfield code="p">00000013118</subfield>
    <subfield code="v">90000.00</subfield>
    <subfield code="w">2025-06-17</subfield>
    <subfield code="y">BKS</subfield>
    <subfield code="1">0</subfield>
    <subfield code="2">ddc</subfield>
    <subfield code="4">0</subfield>
    <subfield code="7">0</subfield>
    <subfield code="0">0</subfield>
    <subfield code="a">CBEML</subfield>
    <subfield code="b">CBEML</subfield>
    <subfield code="c">GEN</subfield>
    <subfield code="d">2009-08-10</subfield>
    <subfield code="g">30000.00</subfield>
  </datafield>
</record>
